| 000 | 01222nam0a22002771 4500 | ||
|---|---|---|---|
| 001 | rc\357317 | ||
| 005 | 20250621043858.0 | ||
| 035 | _a(NLR Aleph) 005577297 | ||
| 090 |
_a6074957 _c6074957 |
||
| 100 | _a20030307d1989 |||y0rusy50 ca | ||
| 101 | 0 | _arus | |
| 102 | _aRU | ||
| 105 | _aa ||||||||| | ||
| 200 | 1 |
_aУчебное пособие для учащихся физико-технической школы ИАТЭ и слушателей подготовительного отделения по курсу "Геометрия" _e(Разд. "Стереометрия") _fК.М. Ефимов, Р.В. Плыкин, Е.А. Сатаев _gОбнин. ин-т атом. энергетики, Подгот. фак. |
|
| 210 |
_aОбнинск _cИАТЭ _d1989 |
||
| 215 |
_a69, [2] с. _cил. _d20 |
||
| 320 | _aБиблиогр.: с. 70 (8 назв.) | ||
| 700 | 1 |
_4070 _7ca _8rus _aЕфимов _bК. М. _cд-р социол. наук _gКонстантин Михайлович _9258648 _3RU\NLR\AUTH\770258704 |
|
| 701 | 1 |
_aПлыкин _bР.В. |
|
| 701 | 1 |
_aСатаев _bЕ.А. |
|
| 801 | 0 |
_aRU _bNLR _gpsbo |
|
| 801 | 1 |
_aRU _bELAR _2rusmarc |
|
| 852 |
_aNLR _j90-4/2330 |
||
| 942 | _cBOOK | ||
| 980 | _aNB | ||